Délmagyarország. - 1962. február 17., Szombat
Elmentve itt :
| Dokumentumtípus: | Újság |
|---|---|
| Megjelent: |
1962-02-17
|
| Sorozat: | Délmagyarország
52 No. 40 |
| Online Access: | http://dmarchiv.bibl.u-szeged.hu/15530 |
| LEADER | 00489nas a2200145 i 4500 | ||
|---|---|---|---|
| 001 | delm15530 | ||
| 005 | 20200414161238.0 | ||
| 008 | 171215s1962 hu n o 0|| hun d | ||
| 022 | |a 0133-025X | ||
| 040 | |a SZTE Délmagyarország Archívum |b hun | ||
| 041 | |a hun | ||
| 245 | 0 | 0 | |a Délmagyarország. - 1962. február 17., Szombat |h [elektronikus dokumentum] |
| 260 | |c 1962-02-17 | ||
| 490 | 0 | |a Délmagyarország |v 52 No. 40 | |
| 856 | 4 | 0 | |u http://dmarchiv.bibl.u-szeged.hu/15530/1/dm_1962_040.pdf |z Dokumentum-elérés |